| 000 | 00684nam a2200157 a 4500 | ||
|---|---|---|---|
| 001 | 000038723 | ||
| 005 | 20201002031341.0 | ||
| 008 | 110401s1984 dr b 000 0 spa d | ||
| 040 |
_aDO-SdBNP _bspa _cBNPHU |
||
| 100 | 1 |
_aPérez O. P., Juna Manuel _954587 |
|
| 245 | 1 | 0 |
_aEstos ¿no son hombres? : _blectura actual del proyecto Apóstolico de la Primera Comunidad de Dominicos en el Nuevo Mundo / _cFray Juan Manuel Pérez O. P. ; prólogo Fray Vicente Rubio O. P. |
| 260 |
_aSanto Domingo : _bFundación García Arévalo, _c1984. |
||
| 300 |
_a123 p. : _bil., retrs. ; _c21 cm. |
||
| 504 | _aIncluye referencias bibliográficas y notas al pie de | ||
| 700 | 1 | 2 |
_aRubio, Vicente _eprol. _925473 |
| 999 |
_c38213 _d38213 |
||